GP Explorer - Casting ou Pas ? (Mort subite) - Statistiques

Statistiques générales
  • Ce quiz a été pris 149 fois
  • Le résultat moyen est 11 sur 15
Answers on the Grid
Answers color-coded by a green-red scale on the quiz's grid according to % correct below.
Carlito
Doigby
Éric Judor
Étoiles
Ibai
Inoxtag
Kameto
Michou
Depielo
Gotaga
Joyca
Kaatsup
Karchez
Ludwig
Maxime Biaggi
Micheal Reeves
Mister V
Pierre Chabrier
PLK
SCH
Seb
Squeezie
Sylvain Levy
 
Statistiques - réponses
Réponse % Correct
Gotaga
82%
PLK
81%
Maxime Biaggi
80%
Squeezie
79%
Mister V
78%
SCH
77%
Joyca
76%
Kaatsup
75%
Sylvain Levy
69%
Karchez
68%
Seb
68%
Depielo
67%
Pierre Chabrier
65%
Ludwig
61%
Micheal Reeves
51%
Aucun quiz correspondant
Distribution des résultats
% des personnes avec chaque résultat
Percentile par nombre de réponses
Votre historique - résultats
Vous n’avez pas pris ce quiz